Loading...
| Literature - American | 1 | 3 | 0 | 2 | 45 | 55 | 95.50 | 2 | 4 | 0.00 | 0.00 |
| Science - Other | 1 | 3 | 0 | 0 | 45 | 75 | 99.75 | 1 | 4 | 0.00 | 0.00 |
| History - European | 2 | 1 | 0 | 0 | 40 | 72 | 92.67 | 2 | 3 | 0.00 | 0.00 |
| History - American | 0 | 3 | 0 | 1 | 30 | 69 | 100.00 | 2 | 3 | 0.00 | 0.00 |
| Mythology | 0 | 3 | 0 | 0 | 30 | 101 | 112.00 | 1 | 3 | 0.00 | 0.00 |
| Philosophy | 0 | 3 | 0 | 1 | 30 | 121 | 128.33 | 1 | 3 | 0.00 | 0.00 |
| Pop Culture | 1 | 1 | 0 | 0 | 25 | 36 | 64.00 | 2 | 2 | 0.00 | 0.00 |
| Social Science | 0 | 2 | 0 | 0 | 20 | 87 | 102.50 | 1 | 2 | 0.00 | 0.00 |
| Fine Arts - Other | 0 | 3 | 2 | 1 | 20 | 77 | 103.67 | 2 | 3 | 0.00 | 0.00 |
| History - Other | 0 | 2 | 0 | 0 | 20 | 84 | 96.00 | 2 | 2 | 0.00 | 0.00 |
| Literature - European | 0 | 2 | 0 | 1 | 20 | 90 | 109.00 | 1 | 2 | 0.00 | 0.00 |
| Literature - World | 0 | 2 | 0 | 0 | 20 | 105 | 107.00 | 1 | 2 | 0.00 | 0.00 |
| Science - Biology | 0 | 2 | 0 | 0 | 20 | 92 | 114.50 | 1 | 2 | 0.00 | 0.00 |
| Fine Arts - Auditory | 0 | 2 | 0 | 1 | 20 | 126 | 130.50 | 0 | 2 | 0.00 | 0.00 |
| Other Academic | 0 | 1 | 0 | 0 | 10 | 98 | 98.00 | 1 | 1 | 0.00 | 0.00 |
| Religion | 0 | 1 | 0 | 1 | 10 | 129 | 129.00 | 0 | 1 | 0.00 | 0.00 |
| History - World | 0 | 1 | 0 | 0 | 10 | 123 | 123.00 | 0 | 1 | 0.00 | 0.00 |
| Fine Arts - Visual | 0 | 1 | 0 | 1 | 10 | 121 | 121.00 | 0 | 1 | 0.00 | 0.00 |
| Literature - British | 0 | 1 | 2 | 0 | 0 | 123 | 123.00 | 0 | 1 | 0.00 | 0.00 |
| Science - Chemistry | 0 | 0 | 1 | 0 | -5 | 0.00 | 0 | 0 | 0.00 | 0.00 | |
| Science - Physics | 0 | 0 | 1 | 0 | -5 | 0.00 | 0 | 0 | 0.00 | 0.00 |